000 00927cam a2200313 a 4500
999 _c9255
_d9255
001 9255
003 BD-JhCC
005 20180312121356.0
008 091214s2010 xnaa b 001 0 eng
020 _a9780455226781 (pbk.) :
_c$89.00
035 _a(BD-JhCC)9255
040 _aANL
_dANL
_dBD-JhCC
041 _aeng
082 0 4 _a340.072
_222
_bHUT 2010
100 1 _aHutchinson, Terry C. M.
245 1 0 _aResearching and writing /
_cby Terry Hutchinson.
246 3 3 _aResearching & writing in law
250 _a3rd ed.
260 _aPyrmont, N.S.W. :
_bLawbook Co. (Thomson Reuters),
_cc2010.
300 _axiii, 514 p. :
_bill. ;
_c24 cm.
500 _aPrevious ed.: 2006.
504 _aIncludes bibliographical references and index.
650 0 _aLegal research
_zAustralia.
650 0 _aLegal research.
650 0 _aAcademic writing.
650 0 _aReport writing.
942 _2ddc
_cBK